000 00346nam a2200121Ia 4500
008 191206s9999 xx 000 0 und d
090 _aALCS87669515P
245 0 _a[Shona language publications]
260 _as.n.]
260 _cc[19--?]-1989
300 _a26 v. in 1 box : ill. ; 18-30 cm.
999 _c15330
_d15330